01459nam a22002657a 450000500170000000800410001702000180005802000340007604100080011004400070011808200160012511000580014124500940019926000740029330000280036749000480039550500690044350502220051250502750073465000430100965000570105265000260110965000370113565000210117220140721164657.0140516b2014 ck ||||| |||| 00| 0 spa d a9789585824621 a9789585824607 (obra completa) aspa ack a591.5bB61g1 aFondo Biocomercio y Gestión Ambiental Estratégica10aGuia legal ambiental de aprovechamiento de fauna silvestre y pesca sostenible en Colombia aBogotábFondo Biocomercio y Gestión Ambiental Estratégicac2014 a64 p.c20 cm. +eCD-Rom aGuias Legales Ambientales de Biocomerciov2 aCap 1 Como crear una empresa de aprovechamiento de fauna y pesca aCap 2 Fauna Silvestre. Que es CITES. Actividades de Fauna silvestre. Caza comercial. Caza de fomento. Zoocriaderos. Licencia ambiental. Marcaje e identificación de individuos. Salvoconducto de movilización. aCap 3 Pesca sostenible. Modos de adquirir el derecho a pescar y para realizar actividades de pesca. Permisos. Tipos de permisos. Asociación. Concesión. Si va a exportar... Patente de pesca. Tasas, derechos e impuestos. Vedas y área de reserva. Acuicultura 6aDesarrollo sosteniblevguiaszColombia 6aConservación de la vida silvestrevguiaszColombia 6aEcosistemaszColombia 6aFauna silvestrexaprovechamiento 6aPesca sostenible